Petunjuk ke jalan lurus

Bibliographic Details
Main Author: Bahreisy, Salim (Author)
Format: Book
Published: Singapura : Solo , 1981
Subjects:

MARC

LEADER 00000cam a2200000 7i4500
001 0000007672
005 20031224093000.0
008 021119s1981
090 0 0 |a BP174   |b .B33 
100 0 |a Bahreisy, Salim ,   |e author 
245 0 0 |a Petunjuk ke jalan lurus   |c Salim Bahreisy 
260 2 |a Singapura :   |b Solo ,   |c 1981 
300 |a 806 ms. ;   |c 18 cm. 
650 0 |a Islam   |x Customs and practices 
650 0 |a Religious life   |x Islam 
999 |a 1000058170   |b Book   |c OPEN SHELF (30 DAYS)   |e Gong Badak Campus